|
|
|
|
| LEADER |
01182nam a2200277 a 4500 |
| 001 |
4713649 |
| 008 |
090823r20081983nyu 001 0 eng d |
| 010 |
|
|
|a \\\83003612
|
| 020 |
|
|
|a 0470274425
|
| 020 |
|
|
|a 0852260628
|
| 020 |
|
|
|a 9780852260623
|
| 040 |
|
|
|a DLC
|c DLC
|d DLC
|
| 082 |
0 |
0 |
|a 512/.5
|2 19
|
| 100 |
1 |
|
|a Bhattacharya, P. B.
|q (Phani Bhushan),
|d 1914-
|
| 245 |
1 |
0 |
|a First course in linear algebra /
|c P.B. Bhattacharya, S.K. Jain, S.R. Nagpaul.
|
| 260 |
|
|
|a New York :
|b Wiley ;
|a New Delhi :
|b New Age,
|c c1983 [reprinted 2008]
|
| 300 |
|
|
|a xi, 280 p. ;
|c 22 cm.
|
| 504 |
|
|
|a Includes index.
|
| 541 |
1 |
|
|e 00018632
|
| 650 |
|
0 |
|a Algebras, Linear.
|
| 700 |
1 |
|
|a Jain, S. K.
|q (Surender Kumar),
|d 1938-
|
| 700 |
1 |
|
|a Nagpaul, S. R.
|
| 852 |
4 |
|
|a Ayesha Abed Library
|j General shelf
|
| 999 |
|
|
|c 3585
|d 3585
|
| 952 |
|
|
|0 0
|1 0
|2 ddc
|4 0
|6 512_500000000000000_BHA_2008
|7 0
|9 3256
|a BRACUL
|b BRACUL
|c GEN
|d 2009-09-02
|g 564.00
|l 15
|m 104
|o 512.5 BHA
|p 3010018632
|r 2026-02-19
|s 2025-10-30
|t 1
|v 1128.00
|w 2009-09-02
|y BK
|
| 952 |
|
|
|0 0
|1 0
|2 ddc
|4 0
|6 512_500000000000000_BHA
|7 0
|9 9515
|a BRACUL
|b BRACUL
|c GEN
|d 2010-04-28
|l 22
|m 67
|o 512.5 BHA
|p 3010018631
|r 2025-06-28
|s 2025-06-21
|t 2
|w 2010-04-28
|y BK
|x Koha Inventory 2020
|